[Event "URU-ch Semi Final 2020"]
[Site "Montevideo"]
[Date "2020.02.22"]
[Round "1.7"]
[White "Larrea, Daniela"]
[Black "Carvalho, Guillermo"]
[Result "0-1"]
[WhiteElo "1757"]
[BlackElo "2187"]
[Annotator "TA"]
[PlyCount "82"]
[EventDate "2020.02.22"]
[EventType "swiss"]
[EventCountry "URU"]
[SourceTitle "playchess.com"]
[Source "ChessBase"]
[SourceQuality "1"]

{[%evp 17,82,0,0,-7,0,0,0,0,0,-21,0,-20,-8,-1,76,8,27,-40,-47,-49,-49,-39,-9,-20,-23,-11,0,-59,-12,-16,0,-49,-54,-48,-48,-80,-80,-81,-74,-153,-81,-104,-76,-168,-127,-152,-162,-198,-195,-260,-274,-223,-216,-207,-178,-609,-601,-886,-890,-859,-841,-797,-800,-879,-870,-803,-765]} 1. d4 d5 2. c4 e6 3. Nc3 c5 4. cxd5 exd5 5. Nf3 Nc6 6. g3 Nf6 7. Bg2 Be7 8. O-O O-O 9. h3 Be6 10. Be3 {D34: Tarrasch Defence: 6 g3 Nf6 7 Bg2 Be7.} c4 11. Ne5 Qc8 12. Kh2 {The position is equal.} Rd8 {[#]} 13. Bf4 $146 ({Predecessor:} 13. Bg5 h6 14. Bxf6 Bxf6 15. f4 Bxe5 16. fxe5 b5 17. a3 Rb8 18. e3 b4 19. axb4 Nxb4 20. Rxa7 {0-1 (29) Goldin,A (2600)-Shmuter,L (2490) Rishon Le Ziyyon 1996}) 13... h6 14. g4 h5 {[%cal Rh5g4]} 15. g5 Ne8 {[#]} (15... Ne4 $11 {remains equal.}) 16. e3 (16. e4 $1 $16 {[%cal Re4d5]} Nxe5 17. Bxe5) 16... g6 $11 17. h4 (17. b3 $11) 17... Ng7 $15 18. Rh1 Nf5 19. Kg1 a6 20. Na4 {Hoping for Nb6.} Nxe5 21. Bxe5 Qc6 22. Bf3 (22. Nc3 $11) 22... Ng7 23. Nc3 Bb4 24. Ne2 Bd6 25. Bf6 Re8 26. Nf4 Bxf4 27. exf4 Bf5 28. Rc1 {[#]} (28. Qd2 $142) 28... b5 ({Better is} 28... Be4 $1 29. Be5 Bxf3 30. Qxf3 Nf5) 29. Qd2 a5 30. Kg2 (30. Be5 $17) 30... b4 31. Rhe1 Rxe1 32. Qxe1 {Black must now prevent Bxg7.} Re8 33. Qd2 (33. Be5 {might work better.}) 33... Be4 $19 34. Bxe4 Rxe4 35. f3 Re8 36. Re1 $2 (36. Bxg7 Kxg7 37. Kg3) 36... c3 {Black is clearly winning.} 37. bxc3 bxc3 38. Rxe8+ Nxe8 39. Qc2 Nd6 40. Kf2 Nf5 41. Qb3 Qc8 {Accuracy: White = 46%, Black = 82%.} 0-1

[Event "URU-ch Semi Final 2020"]
[Site "Montevideo"]
[Date "2020.02.22"]
[Round "1.8"]
[White "Vazquez, Facundo"]
[Black "Ramirez Dominguez, Agustin"]
[Result "1-0"]
[WhiteElo "2155"]
[BlackElo "1894"]
[Annotator "TA"]
[PlyCount "73"]
[EventDate "2020.02.22"]
[EventType "swiss"]
[EventCountry "URU"]
[SourceTitle "playchess.com"]
[Source "ChessBase"]
[SourceQuality "1"]

{[%evp 17,73,9,51,44,43,41,105,70,60,55,68,64,71,59,61,58,137,85,84,24,57,-90,0,-45,-29,-39,8,8,8,0,0,0,0,0,69,72,70,74,75,0,0,0,26,0,67,79,171,89,174,174,174,170,323,326,521,521,521,514]} 1. d4 Nf6 2. c4 g6 3. Nc3 Bg7 4. g3 O-O 5. Bg2 d6 6. Nf3 Nbd7 7. O-O e5 8. e4 Re8 9. h3 a5 10. Be3 {E67: King's Indian: Fianchetto: 6...Nbd7.} b6 11. Qc2 {[#]} a4 $146 (11... Bb7 $14) ({Predecessor:} 11... Bb7 12. d5 Nc5 13. Nd2 Qd7 14. Nb3 Na6 15. Nc1 Nh5 16. Qd2 f5 17. N1e2 Nc5 {0-1 (41) Mileski,L (1774)-Supi,L (2546) Florianopolis 2019}) 12. dxe5 {White is better.} (12. d5 {feels hotter.} Bb7 13. Nd2 Nc5 14. b4 axb3 15. axb3 Na6 16. Ra4) 12... dxe5 13. Nxa4 Nxe4 $1 14. Ng5 $1 {[%cal Rg5e4]} Nxg5 15. Bxg5 Qxg5 16. Bxa8 f5 (16... Nf8 $1 $14) 17. Bg2 (17. Rad1 $142) 17... e4 18. Rfe1 ({White should play} 18. c5 $16) 18... Bd4 19. c5 {[#]} (19. Rad1 $14 {stays ahead.} c5 20. Nc3) 19... bxc5 (19... Ne5 $1 $17 {Threatens to win with ...Qxg3.} 20. Kh2 Ba6 21. cxb6 cxb6) 20. Kh2 Ba6 21. Rad1 {Nxc5! is the strong threat.} Bd3 22. Rxd3 exd3 23. Rxe8+ Kf7 24. Qxd3 Kxe8 25. b4 Qe7 (25... Bxf2 $11 26. Bc6 Kf8 27. Bxd7 Qc1) 26. Nxc5 $14 Bxc5 27. bxc5 Qxc5 28. f4 (28. Qe2+ $16 Qe5 29. Qc4) 28... Nf6 $11 29. a4 {[%cal Ba2a4,Ba4a5][%mdl 32]} Qa5 30. Qb3 Qb6 (30... Ke7 $1 $11) 31. Qc3 $14 {[#] Hoping for a5.} Ke7 (31... Kd7 $16) 32. Qe5+ (32. a5 $18 Qa7 33. Qe5+ Kf7 34. Qb5) 32... Kf7 (32... Kd7 $16) 33. a5 $18 Qa7 34. Qb5 c5 $2 (34... Qe3 35. a6 Ne4) 35. a6 {And now Bc6 would win.} Nd7 (35... Ke7 $142 36. Bb7 h5) 36. Bc6 Nb8 37. Qb7+ {Accuracy: White = 57%, Black = 30%.} 1-0

[Event "URU-ch Semi Final 2020"]
[Site "Montevideo"]
[Date "2020.02.22"]
[Round "1.9"]
[White "Manteiga, Franco"]
[Black "Dominguez, Facundo"]
[Result "0-1"]
[WhiteElo "1703"]
[BlackElo "2135"]
[Annotator "TA"]
[PlyCount "42"]
[EventDate "2020.02.22"]
[EventType "swiss"]
[EventCountry "URU"]
[SourceTitle "playchess.com"]
[Source "ChessBase"]
[SourceQuality "1"]

{[%evp 22,42,52,37,43,26,30,0,0,-51,0,-14,-1,0,0,-105,-95,-85,-82,-553,-553,-540,-522]} 1. d4 Nf6 2. c4 c5 3. d5 e6 4. Nc3 exd5 5. cxd5 d6 6. e4 g6 7. f4 Bg7 8. Bb5+ Nfd7 9. Be2 O-O 10. Nf3 Na6 11. O-O Nc7 12. a4 Re8 {A67: Modern Benoni: Taimanov Variation.} 13. Qc2 {[#]} Na6 $146 ({Predecessor:} 13... b6 14. Nb5 Nxb5 15. axb5 Nf6 16. Bd3 Bd7 17. Bd2 Qc8 18. Rfc1 Re7 19. Ra6 Qe8 20. Qa4 Nxe4 {0-1 (36) Cramling Bellon,A (2151)-Sjoberg,I (2231) Gothenburg 2019}) 14. Bxa6 bxa6 {The position is equal.} 15. Be3 (15. Re1 $11) 15... f5 (15... Rb8 $15) 16. e5 dxe5 17. d6 exf4 18. Qb3+ (18. Bxf4 $11 Rb8 19. Qd2) 18... Kh8 19. Bxf4 Rb8 {[%cal Ba8b8,Bb8b4,Bb4f4][%mdl 32]} 20. Qc4 $2 {[%mdl 8192] [#]} (20. Qf7 $17 {is more resistant.}) 20... Rb4 $19 21. Qd5 Rxf4 {Accuracy: White = 43%, Black = 88%.} 0-1

[Event "URU-ch Semi Final 2020"]
[Site "Montevideo"]
[Date "2020.02.22"]
[Round "1.10"]
[White "Santos Izquierdo, Daniel"]
[Black "Osinaga, Eduardo"]
[Result "1-0"]
[WhiteElo "2206"]
[BlackElo "1697"]
[Annotator "TA"]
[PlyCount "175"]
[EventDate "2020.02.22"]
[EventType "swiss"]
[EventCountry "URU"]
[SourceTitle "playchess.com"]
[Source "ChessBase"]
[SourceQuality "1"]

{[%evp 10,175,51,0,31,31,31,32,37,26,43,43,42,36,42,39,41,47,45,39,50,0,0,0,2,0,21,-9,-20,-23,-10,-9,0,-2,-8,-13,-6,-15,-11,-15,-16,-14,24,23,23,23,47,41,56,41,47,40,47,2,13,8,47,55,47,47,82,66,91,47,91,91,91,47,91,47,91,47,91,0,78,25,78,47,73,25,61,47,66,54,57,0,0,0,89,52,213,210,153,120,119,122,117,97,208,215,204,213,202,204,205,183,196,178,173,158,177,163,143,159,151,174,748,703,695,56,695,692,596,533,726,691,562,365,433,410,400,365,366,375,441,404,405,407,642,641,631,612,1308,1303,1617,1531,1305,1245,2045,1996,5597,5597,5102,2942,2416,2085,2513,2367,29979,29979,29972,5709,29989,29990,29990,29987,29987,29988]} 1. d4 Nf6 2. Nf3 d5 3. c4 e6 4. Nc3 Bb4 5. Bg5 h6 6. Bh4 (6. Bxf6 $14 Qxf6 7. e3) 6... Be7 {D38: Queen's Gambit Declined: Ragozin Defence (4 Nf3 Bb4).} 7. e3 O-O 8. Qc2 Nbd7 {[#] White is slightly better.} 9. Rc1 $146 ({Predecessor:} 9. cxd5 exd5 10. Bd3 c6 11. O-O Ne8 12. Bg3 Bd6 13. Rac1 Bxg3 14. hxg3 Nd6 15. b4 a6 16. Na4 Nf6 17. Nd2 Re8 18. Qc5 Nfe4 19. Bxe4 Nxe4 20. Nxe4 Rxe4 {½-½ (44) Daudaravicius,A (1473)-Borisovaite,A (1311) Kaunas 2017}) 9... a6 10. cxd5 exd5 11. Bd3 c6 12. O-O Nh5 13. Bxe7 Qxe7 14. Rfe1 Nhf6 15. e4 dxe4 16. Nxe4 Nxe4 17. Bxe4 {[#] Strongly threatening Bh7+.} Qd6 18. Ne5 Nf6 19. Qc5 Nxe4 (19... Rd8 {looks sharper.} 20. Bd3 Be6 21. Bc4 Nd5 22. a3 Nc7) 20. Rxe4 Qxc5 21. dxc5 Be6 22. a3 a5 23. Nc4 Rfd8 24. Nd6 b6 25. Rd4 b5 26. Rcd1 Rf8 27. h3 a4 28. R1d2 Ra7 29. f3 g6 30. Kf2 Kg7 31. Kg3 Re7 32. Re2 Rc7 33. Kf4 Re7 34. h4 Kh7 35. Re5 Rc7 36. Ke3 Re7 37. Rde4 Kg7 38. Kd4 Rc7 39. Kc3 Kh7 40. Kb4 Ra7 41. Kc3 (41. h5 $16) 41... Kg7 (41... Rc7 $11 {remains equal.}) 42. Re3 ({White should try} 42. h5 $16) 42... Kh7 (42... Rb8 $11) 43. R5e4 Kg7 44. Re2 Kh7 45. Kd4 Rd7 46. Ke5 Kg7 47. Rd4 (47. Kf4 $14) 47... Re7 $1 $11 48. Kf4 Ra7 (48... Kh7 $11) 49. Ne4 Rd7 $2 (49... Rb7 $14) 50. Rxd7 $18 Bxd7 {[%mdl 4096] Endgame KRB-KRN} 51. Rd2 Be6 52. Rd6 Rc8 53. Ke5 Bc4 {[#]} (53... h5 $16) 54. Rd7 $1 Be6 55. Rb7 Rd8 56. Nd6 Bd5 57. Rc7 h5 58. g3 Rb8 59. f4 b4 {intending ...bxa3.} 60. Rb7 bxa3 ({Wrong is} 60... Rxb7 $2 61. Nxb7 bxa3 62. bxa3 $18) 61. bxa3 Ra8 62. f5 Ra5 $2 (62... gxf5 63. Nxf5+ Kh7) 63. f6+ Kg8 64. Rb8+ Kh7 65. Kd4 Ra7 66. Re8 Ra5 67. Rf8 Ra7 68. Kc3 Ra5 69. Kb4 Ra7 70. Re8 Ra6 71. Rb8 Bb3 72. Rb6 Ra8 73. Rxc6 {Rc8 is the strong threat.} Rb8+ (73... g5 $142 74. hxg5 Rg8) 74. Rb6 Rd8 75. Rb7 Kg8 76. Kc3 Bd5 77. Rc7 Be6 78. Kd4 Rb8 79. Rb7 Rd8 80. Ke5 Bd7 81. Rc7 Be6 82. c6 Ra8 83. Rb7 Ra5+ 84. Rb5 Ra6 85. c7 {Rb8+ would kill now.} Rc6 86. Rb8+ {White mates.} Kh7 87. c8=Q Bxc8 88. Rxc8 {Accuracy: White = 77%, Black = 55%.} 1-0

[Event "URU-ch Semi Final 2020"]
[Site "Montevideo"]
[Date "2020.02.22"]
[Round "1.11"]
[White "Campora, Edgardo"]
[Black "Curi, Gabriel"]
[Result "0-1"]
[WhiteElo "1676"]
[BlackElo "2132"]
[Annotator "TA"]
[PlyCount "26"]
[EventDate "2020.02.22"]
[EventType "swiss"]
[EventCountry "URU"]
[SourceTitle "playchess.com"]
[Source "ChessBase"]
[SourceQuality "1"]

{[%evp 9,12,19,33,-329,-325]} 1. e4 c5 2. Nf3 Nc6 3. d4 cxd4 4. Nxd4 Nf6 5. Nc3 d6 6. Bd3 $2 {[%mdl 8192] [#] B56: Classical Sicilian: Unusual Lines.} (6. Bg5 $14 {stays ahead.}) 6... Nxd4 {[#]} {Predecessor:} 7. Bc4 $146 Nc6 8. O-O e6 9. Bf4 Be7 10. Qf3 O-O 11. Rad1 e5 12. Be3 Kh8 13. h3 Be6 {0-1 (27) Tokarcik,J (1281)-Dolnik,M (1204) Liptovsky Mikulas 2019} 0-1

[Event "URU-ch Semi Final 2020"]
[Site "Montevideo"]
[Date "2020.02.22"]
[Round "1.12"]
[White "Granara Barreto, Sebastian"]
[Black "Miraballes Lopez, Andres"]
[Result "1-0"]
[WhiteElo "2132"]
[BlackElo "1676"]
[Annotator "TA"]
[PlyCount "51"]
[EventDate "2020.02.22"]
[EventType "swiss"]
[EventCountry "URU"]
[SourceTitle "playchess.com"]
[Source "ChessBase"]
[SourceQuality "1"]

{[%evp 11,51,24,29,8,14,8,9,11,33,25,44,42,39,4,36,40,90,70,81,70,131,119,207,196,292,252,245,243,444,417,820,544,547,525,1600,1635,1566,1559,2325,2276,29990,29991]} 1. c4 f5 2. g3 Nf6 3. Bg2 e6 4. Nf3 c6 5. O-O d5 6. b3 Bd6 7. Ba3 {A10: English Opening: Unusual Replies for Black.} O-O 8. Bxd6 Qxd6 9. d4 {The position is equal.} a5 10. c5 Qc7 11. Nc3 {[#]} Nbd7 $146 ({Predecessor:} 11... Bd7 12. Na4 Be8 13. Ne5 Nbd7 14. f4 Nxe5 15. fxe5 Ng4 16. Qd2 Qe7 17. Nb6 Rd8 {0-1 (41) Moellmann,H (1866)-Breitfeld,J (2002) Halberstadt 2016}) 12. a3 Ne4 13. Na4 {[%cal Bc3a4,Ba4b2,Bb2d3,Bd3f2,Bf2g4,Bg4h6,Bh6f7][%mdl 32]} b5 14. Nb2 g5 15. Nd3 $36 {[%mdl 2048] White is pushing.} f4 ({Black should try} 15... g4 $14) 16. Nfe5 $16 fxg3 (16... Nxe5 $16 17. Nxe5 Nf6) 17. fxg3 $18 Ndf6 (17... Rf5 $142 18. Bxe4 dxe4) 18. Nf2 Nxc5 19. Rc1 Nfd7 $2 (19... Ncd7 {was called for.} 20. Rxc6 Qd8 21. Rxe6 Nb8) 20. Nfg4 Bb7 (20... Rxf1+ $142 21. Bxf1 Bb7) 21. Nh6+ Kg7 22. Nef7 {[#] And now Qd2 would win.} Nxb3 23. Qxb3 Nf6 24. Qe3 {[%cal Re3g5]} Rxf7 25. Qxg5+ Kf8 26. Nxf7 {Accuracy: White = 81%, Black = 27%.} 1-0

[Event "URU-ch Semi Final 2020"]
[Site "Montevideo"]
[Date "2020.02.22"]
[Round "1.13"]
[White "Nakle, Gonzalo"]
[Black "Lopez Falcon, Jorge"]
[Result "0-1"]
[WhiteElo "1675"]
[BlackElo "2119"]
[Annotator "TA"]
[PlyCount "88"]
[EventDate "2020.02.22"]
[EventType "swiss"]
[EventCountry "URU"]
[SourceTitle "playchess.com"]
[Source "ChessBase"]
[SourceQuality "1"]

{[%evp 14,87,43,16,20,-8,-2,0,37,8,22,22,18,18,35,40,49,16,15,14,24,15,16,23,29,-14,-14,-16,4,-17,-18,-18,-8,-16,0,0,10,4,4,4,15,14,33,29,32,37,110,75,83,49,47,26,117,26,26,39,47,0,0,-22,-31,-27,-27,-53,-40,-113,-121,-154,-149,-323,-334,-310,-288,-5591,-5775,-29999]} 1. d4 Nf6 2. c4 e6 3. Nf3 b6 4. g3 Bb7 5. Bg2 Bb4+ 6. Bd2 Qe7 7. O-O O-O 8. Nc3 d5 {[#] E16: Queen's Indian: 4 g3 Bb7 5 Bg2 Bb4+.} 9. a3 $146 (9. cxd5 {with more complications.} Bxc3 10. Bxc3 exd5 11. Rc1 Nbd7 12. Nd2) ({Predecessor:} 9. cxd5 exd5 10. Bf4 Na6 11. Rc1 {½-½ (11) Malakhatko,V (2530)-Rotstein,A (2510) Feffernitz 2012}) 9... Bxc3 10. Bxc3 Ne4 {The position is equal.} 11. cxd5 Nxc3 (11... Bxd5 {seems wilder.} 12. Bd2 c5 13. dxc5 Nxc5 14. Rc1 Nc6) 12. bxc3 Bxd5 13. Re1 Nd7 14. e4 Bb7 15. c4 e5 16. d5 Rad8 17. Qc1 Nc5 18. Qc3 Rfe8 19. Nh4 Bc8 20. Re3 g6 21. a4 a5 22. Bf3 Bh3 23. Bd1 Rd6 24. Bc2 Qg5 25. Ng2 Bxg2 26. Kxg2 h5 27. h4 Qf6 28. Rf1 Qe7 29. f4 Rdd8 (29... Qf6 $14) 30. f5 Rf8 31. f6 Qd6 32. Qd2 Rfe8 {[#]} (32... Nd7 $11) 33. Ref3 (33. Bd1 $1 $16) 33... Qf8 $11 34. Qg5 {Black must now prevent g4.} Kh7 35. Rf5 (35. g4 {keeps more tension.} hxg4 36. Qxg4 Qh6 37. Qg5 Qxg5+ 38. hxg5 Rh8 39. Rh3+) 35... Qh6 ({Wrong is} 35... gxf5 $2 36. Qxf5+ Kg8 37. Qxh5 $18) 36. Rxe5 (36. R5f2 {is interesting.} Nd7 37. g4 hxg4 38. Qxg4 Rh8 39. Rh1) 36... Qxg5 37. Rxg5 {[#] Hoping for e5.} Nxe4 38. Bxe4 Rxe4 {[%mdl 4096] Endgame KRR-KRR} 39. Rc1 ({White should play} 39. Rf4 $1 $15 Rde8 40. d6 Rxf4 41. gxf4 cxd6 42. Rb5) 39... Rd6 $17 40. Kf3 Re8 41. c5 $2 {White does not recover from this.} (41. g4 $17) 41... Rxf6+ $19 42. Kg2 Re2+ 43. Kh3 $2 (43. Kg1 bxc5 44. g4) 43... Rff2 {[%csl Ge2][%cal Rf2h2]} 44. g4 Rf3# {Accuracy: White = 57%, Black = 87%.} 0-1

[Event "URU-ch Semi Final 2020"]
[Site "Montevideo"]
[Date "2020.02.22"]
[Round "1.14"]
[White "Guerrero, Alvaro"]
[Black "Svarcas, Anibal"]
[Result "1-0"]
[WhiteElo "2094"]
[BlackElo "1672"]
[Annotator "TA"]
[PlyCount "63"]
[EventDate "2020.02.22"]
[EventType "swiss"]
[EventCountry "URU"]
[SourceTitle "playchess.com"]
[Source "ChessBase"]
[SourceQuality "1"]

{[%evp 9,63,16,19,17,22,12,35,20,56,46,64,39,46,48,87,75,89,76,100,72,127,111,144,62,88,83,90,77,100,79,156,144,148,143,163,150,162,162,168,160,494,504,464,475,481,486,476,461,448,306,855,852,1050,0,1023,997]} 1. e4 e5 2. d3 Nf6 3. Nf3 Nc6 4. g3 Be7 5. Bg2 O-O 6. O-O {C44: Ponziani Opening and Scotch Gambit.} d6 {6...d6 scores better than 6...d5.} 7. c3 Bd7 8. Nbd2 {[#] White is slightly better.} Kh8 $146 ({Predecessor:} 8... b6 9. Nc4 Be6 10. Ne3 Qc8 11. Re1 Rd8 12. Qe2 Rb8 13. Nh4 Na5 14. Nhf5 Bf8 {1-0 (40) Gomez Logrosan,C (1638)-Garcia Rojas,J (1470) Madrid 2017}) 9. Re1 h6 10. a4 a5 11. Nc4 Nh7 12. d4 exd4 13. cxd4 Nb4 14. Qb3 Ng5 (14... b6 $142) 15. Nxg5 $16 Bxg5 {[#]} 16. f4 ({Better is} 16. Nxa5 $1 $16 {[%mdl 512]} Rxa5 17. Qxb4) 16... Be7 17. Bd2 c6 18. Nxa5 (18. d5 {feels hotter.} cxd5 19. exd5 Rc8 20. Be3 Bf5 21. Bb6) 18... Qxa5 19. Qxb4 (19. Bxb4 {looks sharper.} Qb6 20. a5 Qxd4+ 21. Kh1 Be6 22. Qa3) 19... Qa7 (19... Qxb4 $142 20. Bxb4 c5) 20. Be3 Rfe8 21. Qd2 Qb6 22. a5 Qb3 23. Ra3 Qb5 {intending ...d5.} 24. d5 {And now Bf1 would win.} cxd5 $2 (24... Bd8 $16) 25. Bf1 $18 Qc6 26. Rc1 d4 27. Bxd4 ({Less strong is} 27. Rxc6 dxe3 28. Rxe3 bxc6 $18) 27... Qxe4 28. Bg2 Qf5 29. g4 Qb5 $2 (29... Qg6 30. Bxb7 d5) 30. Bf1 Qd5 {[#]} 31. Bg2 $2 ({White must play} 31. Bxg7+ $1 $18 {[%mdl 512]} Kxg7 32. Qxd5) 31... Qe6 $2 {[%mdl 8192]} (31... Qb5 $11) 32. f5 {Accuracy: White = 70%, Black = 49%.} 1-0

[Event "URU-ch Semi Final 2020"]
[Site "Montevideo"]
[Date "2020.02.22"]
[Round "1.15"]
[White "Lanaro, Emilio"]
[Black "Suarez, Pedro"]
[Result "0-1"]
[WhiteElo "1670"]
[BlackElo "2063"]
[Annotator "TA"]
[PlyCount "54"]
[EventDate "2020.02.22"]
[EventType "swiss"]
[EventCountry "URU"]
[SourceTitle "playchess.com"]
[Source "ChessBase"]
[SourceQuality "1"]

{[%evp 17,54,0,1,0,0,-58,-64,-53,-49,-54,-45,-54,-43,-51,-39,-185,-93,-79,-94,-203,-220,-278,-279,-289,-279,-261,-270,-281,-258,-414,-306,-416,-399,-404,-392,-699,-690,-803,-698]} 1. e4 e6 2. d4 d5 3. e5 c5 4. c3 Qb6 5. Nf3 Nc6 6. a3 Nh6 7. b4 cxd4 8. cxd4 Nf5 9. Be3 f6 10. exf6 $1 {C02: French: Advance Variation.} gxf6 11. Be2 (11. Bd3 $11) 11... Nxe3 $15 12. fxe3 {Black is slightly better.} Bh6 13. Qd3 Ne7 14. Nc3 Bd7 {[#]} 15. e4 $146 ({Predecessor:} 15. O-O Rc8 16. Nd2 O-O 17. Nb3 Be8 18. Nc5 Bg6 19. e4 dxe4 20. Qh3 Bg7 21. Bc4 {½-½ (56) Simacek,P (2500)-Matamoros Franco,C (2544) Olomouc 2006}) 15... Rc8 $36 {[%mdl 2048] Black has good play.} 16. O-O {[#]} ({White should try} 16. exd5 $1 $15 exd5 17. O-O) 16... Rxc3 $1 {[%mdl 512]} 17. Qxc3 $17 {e5 is the strong threat.} dxe4 {Strongly threatening ...Nd5.} 18. Ne1 (18. Nh4 $17 {was necessary.}) 18... Nd5 $19 19. Bh5+ Kd8 20. Qc5 Be3+ 21. Kh1 Bxd4 22. Qxb6+ Bxb6 ({Resist} 22... Nxb6 23. Rd1 $19) 23. Rd1 $2 {[#]} (23. a4 {was worth a try.}) 23... f5 24. Nc2 Ba4 25. Rc1 Ke7 26. Rfe1 $2 (26. g3) 26... Nf4 27. Be2 Nd3 {Accuracy: White = 26%, Black = 81%.} 0-1

[Event "URU-ch Semi Final 2020"]
[Site "Montevideo"]
[Date "2020.02.22"]
[Round "1.16"]
[White "Pichuaga, Juan Pablo"]
[Black "Lima Abadal, Nicolas"]
[Result "1-0"]
[WhiteElo "2030"]
[BlackElo "1646"]
[Annotator "RC"]
[PlyCount "41"]
[EventDate "2020.02.22"]
[EventType "swiss"]
[EventCountry "URU"]
[SourceTitle "playchess.com"]
[Source "ChessBase"]
[SourceQuality "1"]
[TimeControl "5400+30"]

1. e4 {[%emt 0:00:00]} c5 {[%emt 0:00:00]} 2. Nc3 {[%emt 0:00:00]} Nc6 {[%emt 0:00:00]} 3. g3 {[%emt 0:00:00]} g6 {[%emt 0:00:13]} 4. Bg2 {[%emt 0:00:00]} Bg7 {[%emt 0:00:09]} 5. d3 {[%emt 0:00:00]} d6 {[%emt 0:00:28]} 6. Be3 {[%emt 0:00:02]} Rb8 {[%emt 0:00:25]} 7. Qd2 {[%emt 0:00:44]} b5 {[%emt 0:00:17]} 8. f4 {[%emt 0:07:41]} b4 {[%emt 0:01:06]} 9. Nd1 {[%emt 0:01:44]} Qc7 {[%emt 0:18:08]} 10. Ne2 {[%emt 0:02:40]} Bg4 {[%emt 0:19:18]} 11. h3 {[%emt 0:03:52]} Bxe2 {[%emt 0:00:55]} 12. Qxe2 {[%emt 0:00:12]} Nd4 {[%emt 0:00:14]} 13. Qf2 {[%emt 0:02:42]} e5 {[%emt 0:11:18]} 14. O-O {[%emt 0:02:06]} exf4 {[%emt 0:09:02]} 15. Bxf4 {[%emt 0:02:36]} Ne6 {[%emt 0:07:17]} 16. Be3 {[%emt 0:09:53]} Nf6 {[%emt 0:00:40]} 17. Qd2 {[%emt 0:12:50]} O-O {[%emt 0:03:30]} 18. Bh6 {[%emt 0:01:37]} Rbd8 {[%emt 0:05:39]} 19. Bxg7 {[%emt 0:02:15]} Kxg7 20. Ne3 {[%emt 0:00:22]} Nd4 {[%emt 0:03:44]} 21. Rxf6 {[%emt 0:00:46]} 1-0

[Event "URU-ch Semi Final 2020"]
[Site "Montevideo"]
[Date "2020.02.22"]
[Round "1.18"]
[White "Soto, Nicolas"]
[Black "Torales, Agustin"]
[Result "1/2-1/2"]
[WhiteElo "2002"]
[BlackElo "1623"]
[Annotator "TA"]
[PlyCount "66"]
[EventDate "2020.02.22"]
[EventType "swiss"]
[EventCountry "URU"]
[SourceTitle "playchess.com"]
[Source "ChessBase"]
[SourceQuality "1"]

{[%evp 17,66,14,14,18,18,12,13,4,10,10,38,35,35,29,19,15,21,21,26,-265,-132,-135,-130,-169,-137,-140,-136,-228,-80,-81,-64,-72,-62,-72,-52,-81,-77,-77,-77,-78,-76,-110,-77,-191,-173,-197,-106,-107,-55,-159,-127]} 1. e4 c5 2. Nf3 Nc6 3. Bb5 g6 4. Bxc6 dxc6 5. h3 Bg7 6. d3 Nf6 7. O-O O-O 8. Nc3 Qc7 9. Be3 b6 10. Qc1 {B31: Sicilian: 2...Nc6 3 Bb5 g6.} e5 11. a4 a5 12. Bh6 {The position is equal.} Ba6 13. b3 Rfe8 14. Bxg7 Kxg7 15. Qe3 Rad8 {[#]} 16. Ne2 $146 ({Predecessor:} 16. Nh2 Nh5 17. Ne2 Nf4 18. Rad1 Bc8 19. Nf3 Ne6 20. Qc1 f6 21. Rfe1 Ba6 22. g3 {½-½ (45) Dave,D (2157)-Terbe,Z (2109) Budapest 2015}) 16... Nh5 17. Nd2 Nf4 18. Kh2 $2 {[%mdl 8192] [#]} (18. Nxf4 $11 {and White is okay.} exf4 19. Qf3) 18... Nxd3 (18... Bxd3 $1 $19 {[%mdl 512]} 19. Rfe1 (19. cxd3 Rxd3) 19... Nxe2 20. Rxe2 Bxe2 21. Qxe2 Rd4) 19. Nc4 $17 ({But not} 19. cxd3 $2 Rxd3 20. Qxd3 (20. Qg5 $2 h6 $19) 20... Bxd3 $19) 19... Nb4 20. Qc3 Kg8 21. Rfd1 Bxc4 22. Qxc4 {[#]} (22. bxc4 $17 Rxd1 23. Rxd1) 22... Qc8 (22... Rxd1 $1 $19 23. Rxd1 Rd8 24. Rxd8+ Qxd8) 23. Ng1 Kg7 24. Nf3 f6 25. c3 Na6 26. Rd3 Rxd3 27. Qxd3 Rd8 28. Qe2 Nc7 29. Rd1 Ne6 30. g3 (30. Rxd8 $17 Nxd8 31. Nd2) 30... Rxd1 $19 31. Qxd1 {[#]} Qd8 (31... c4 $1 $19 {[%mdl 512]} 32. bxc4 Nc5) 32. Qe2 h5 (32... Nc7 $17) 33. Nh4 (33. Qa6 $1 $15) 33... Qc8 {Accuracy: White = 63%, Black = 52%.} 1/2-1/2